| Tag |
First Indicator |
Second Indicator |
Subfields |
| LEADER |
00000cam a2200000 i 4500 |
| 001 |
in00000030784 |
| 005 |
20151007063026.0 |
| 008 |
760401r1927 enkh 00010 eng |
| 010 |
|
|
|a 29029402
|
| 035 |
|
|
|a (OCoLC)02085685
|
| 035 |
|
|
|9 AAD6375AM
|
| 040 |
|
|
|a DLC
|c VRC
|d TXA
|d UtOrBLW
|
| 049 |
|
|
|a TXAM
|c [234971]
|
| 050 |
0 |
0 |
|a PR2544
|b .M4 1927
|
| 092 |
|
|
|a 820
|b G811m, 1927
|
| 100 |
1 |
|
|a Greene, Robert,
|d 1558-1592.
|
| 245 |
1 |
0 |
|a Menaphon :
|b by Robert Green and A Margarite of America, by Thomas Lodge /
|c edited by G.B. Harrison ...
|
| 264 |
|
1 |
|a Oxford :
|b B. Blackwell,
|c 1927.
|
| 300 |
|
|
|a xii pages 1 ., 234 pages including 2 facsim. ;
|c 20 cm.
|
| 336 |
|
|
|a text
|b txt
|2 rdacontent
|
| 337 |
|
|
|a unmediated
|b n
|2 rdamedia
|
| 338 |
|
|
|a volume
|b nc
|2 rdacarrier
|
| 500 |
|
|
|a With facsimiles of original title-pages, 1589 and 1595.
|
| 500 |
|
|
|a Reproduced from the original editions in the British museum.
|
| 700 |
1 |
|
|a Lodge, Thomas,
|d 1558?-1625.
|
| 700 |
1 |
|
|a Harrison, G. B.
|q (George Bagshawe),
|d 1894-1991.
|
| 740 |
2 |
|
|a A Margarite of America.
|
| 999 |
|
|
|a MARS
|
| 999 |
f |
f |
|s 21c5a85e-8d7e-3048-82aa-91f8b54ca976
|i 7cf00567-01ac-3688-b1fc-c77a931ae2be
|t 0
|
| 952 |
f |
f |
|p normal
|a Texas A&M University
|b College Station
|c Sterling C. Evans Library
|d Evans: Library Stacks
|t 0
|e PR2544 .M4 1927
|h Library of Congress classification
|i unmediated -- volume
|m A14818724657
|
| 998 |
f |
f |
|a PR2544 .M4 1927
|t 0
|l Evans: Library Stacks
|